Didit tidak berputus asa

Bibliographic Details
Main Author: Hazli Mat Saad
Corporate Author: Title
Format: Book
Published: Selangor : Nikaz publications , 2006
Series:Salam dari rimba
Subjects:

MARC

LEADER 00000cam a2200000 7i4500
001 0000003521
005 20220105103947.0
008 070719
020 |a 9831881486 
090 0 0 |a JP   |b ANM MAL (3786) 
100 0 |a Hazli Mat Saad 
245 0 0 |a Didit tidak berputus asa   |c Hazli Mat Saad 
260 |a Selangor :   |b Nikaz publications ,   |c 2006 
440 0 |a Salam dari rimba 
500 |a Children age 4-6 years old (yellow) 
650 0 |a Animal 
650 0 |a Malay language   |x Readers   |x Fiction 
710 0 |a Title 
999 |a 0000947212   |b Book   |c Children Collection   |e Cawangan Bukit Gambir 
999 |a 0000947213   |b Book   |c Children Collection   |e Cawangan Bukit Gambir 
999 |a 0000947214   |b Book   |c Children Collection   |e Cawangan Bukit Gambir 
999 |a 0000969323   |b Book   |c Children Collection   |e Perbadanan Perpustakaan Awam Johor 
999 |a 0000969324   |b Book   |c Children Collection   |e Cawangan Tmn. Ungku Tun Aminah 
999 |a 0000969325   |b Book   |c Children Collection   |e Perbadanan Perpustakaan Awam Johor 
999 |a 0000969327   |b Book   |c Children Collection   |e Cawangan Tmn. Ungku Tun Aminah 
999 |a 0000975845   |b Book   |c Children Collection   |e Cawangan Segamat 
999 |a 0000975846   |b Book   |c Children Collection   |e Cawangan Segamat 
999 |a 0000975847   |b Book   |c Children Collection   |e Cawangan Bandar Penawar 
999 |a 0000975848   |b Book   |c Children Collection   |e Cawangan Tmn. Ungku Tun Aminah 
999 |a 0000975849   |b Book   |c Children Collection   |e Cawangan Tmn. Ungku Tun Aminah 
999 |a 0001143761   |b Book   |c Children Collection   |e Cawangan Pontian 
999 |a 0001143762   |b Book   |c Children Collection   |e Cawangan Pontian 
999 |a 0001143782   |b Book   |c Children Collection   |e Cawangan Segamat 
999 |a 0001143783   |b Book   |c Children Collection   |e Cawangan Pontian